000 00299nam a2200145Ia 4500
100 _aNambudiripad/K.B.M
650 _aLATEX
942 _cBK
654 _alatex
245 _aLatex for beginners
260 _bNarosa Publication House
_c2014
082 _bNAM
546 _aENGLISH
999 _c26787
_d26787